Maranganí, Historia abierta al mundo : (Record no. 22832)

000 -CABECERA
fixed length control field 01386nam a22003017i 4500
003 - IDENTIFICADOR DEL NÚMERO DE CONTROL
control field AR-CdUCM
008 - DATOS DE LONGITUD FIJA--INFORMACIÓN GENERAL
fixed length control field 240419b20222022pe ||||| |||| 00| 0 spa d
040 ## - FUENTE DE LA CATALOGACIÓN
Agencia/entidad que catalogó originalmente la obra MUNICIPALIDAD PROVINCIAL DEL CUSCO
Entidad que transcribió la catalogación BIBLIOTECA MUNICIPAL DEL CUSCO
082 ## - NÚMERO DE LA CLASIFICACIÓN DECIMAL DEWEY
No. de Clasificación 985.613 / M2R
Notacion interna M2R
100 ## - ENTRADA PRINCIPAL--NOMBRE DE PERSONA
Nombre Personal Ríos Pérez, Gregorio
245 ## - MENCIÓN DE TÍTULO
Título Maranganí, Historia abierta al mundo :
Resto del título en homenaje a los 188 años (CLXXXVIII) de su creación política, 1834-2022 /
260 ## - PUBLICACIÓN, DISTRIBUCIÓN, ETC.
Lugar de publicación, distribución, etc. Cusco :
Nombre de la editorial, distribuidor, etc. Municipalidad Distrital Maranganí,
Fecha de publicación, distribución, etc. 2022
300 ## - DESCRIPCIÓN FÍSICA
Nº de Páginas Extensión 409 páginas. :
Dimensiones 28.5 cm.
500 ## - NOTA GENERAL
Bibliografía Bibliografía: páginas 401-407.
505 ## - NOTA DE CONTENIDO CON FORMATO
Nota de contenido formateada Ubicación geográfica -- Historia prehispánica, Emancipación y República -- La fábrica de tejidos Maranganí -- La reforma agraria -- Personajes ilustres
650 ## - PUNTO DE ACCESO ADICIONAL DE MATERIA--TÉRMINO DE MATERIA
Descriptor Ubicación geográfica
9 (RLIN) 49570
650 ## - PUNTO DE ACCESO ADICIONAL DE MATERIA--TÉRMINO DE MATERIA
Descriptor La iglesia de Maranganí
9 (RLIN) 49571
650 ## - PUNTO DE ACCESO ADICIONAL DE MATERIA--TÉRMINO DE MATERIA
Descriptor La pernada
9 (RLIN) 49572
650 ## - PUNTO DE ACCESO ADICIONAL DE MATERIA--TÉRMINO DE MATERIA
Descriptor Rebeliones de María Jerusalén y Túpac Amaru
9 (RLIN) 49573
650 ## - PUNTO DE ACCESO ADICIONAL DE MATERIA--TÉRMINO DE MATERIA
Descriptor La presencia de Mateo Pumacahua en Maranganí
9 (RLIN) 49574
650 ## - PUNTO DE ACCESO ADICIONAL DE MATERIA--TÉRMINO DE MATERIA
Descriptor Los arrieros de Maranganí
9 (RLIN) 49575
650 ## - PUNTO DE ACCESO ADICIONAL DE MATERIA--TÉRMINO DE MATERIA
Descriptor Origen de la industria textil cusqueña
9 (RLIN) 49576
650 ## - PUNTO DE ACCESO ADICIONAL DE MATERIA--TÉRMINO DE MATERIA
Descriptor Etapas históricas de la fábrica de tejidos Maranganí
9 (RLIN) 49659
650 ## - PUNTO DE ACCESO ADICIONAL DE MATERIA--TÉRMINO DE MATERIA
Descriptor Maranganí en el siglo XX
9 (RLIN) 49578
650 ## - PUNTO DE ACCESO ADICIONAL DE MATERIA--TÉRMINO DE MATERIA
Descriptor La educación en Maranganí
9 (RLIN) 49579
942 ## - ELEMENTOS DE PUNTO DE ACCESO ADICIONAL (KOHA)
Fuente de clasificación
Tipo de item Libros-BMC
945 ## - PROCESAMIENTO DE INFORMACIÓN LOCAL (OCLC)
Catalogador pbj
AAAA-MM-DD - Fecha de ingreso o modificacion 2024-04-19
Holdings
Estado de retiro (separado) Fuente de clasificación o esquema de estanterías Estado dañado Ubicación Sala donde se ubica Nombre de la colección Fecha de adquisición o compra Fuente de adquisición Costo, precio normal en soles Signatura topográfica Código de Barras Última vez visto (Koha) Tipo de ítem (Koha)
No     Sala Humanidades Sala Humanidades Book Cart 2024-04-19 Donacion 20.00 985.613 / M2R SH0000016660 2024-04-19 Libros-BMC

Powered by Koha